Economic growth in Britain / (Record no. 43067)
[ view plain ]
| 000 -LEADER | |
|---|---|
| fixed length control field | 00823nam a2200277 a 4500 |
| 001 - CONTROL NUMBER | |
| control field | 43067 |
| 003 - CONTROL NUMBER IDENTIFIER | |
| rucl marc code | BD-RjUL |
| 005 - DATE AND TIME OF LATEST TRANSACTION | |
| control field | 20211209053636.0 |
| 008 - FIXED-LENGTH DATA ELEMENTS--GENERAL INFORMATION | |
| fixed length control field | 160619s1966 enka b 000 0 eng |
| 035 ## - SYSTEM CONTROL NUMBER | |
| System control number | (OCoLC)346941 |
| System control number | (OCoLC)ocm00346941 |
| System control number | (BD-RjUL)43185 |
| System control number | (NNC)2582126 |
| 040 ## - CATALOGING SOURCE | |
| Modifying agency | UPvMLC |
| Original cataloging agency | BD-RjUL |
| Language of cataloging | eng |
| Transcribing agency | BD-RjUL |
| 041 ## - LANGUAGE CODE | |
| Language code of text/sound track or separate title | eng |
| 082 ## - DEWEY DECIMAL CLASSIFICATION NUMBER | |
| Classification number | 338.942 |
| Author mark and year | ECO 1966 |
| 090 ## - LOCALLY ASSIGNED LC-TYPE CALL NUMBER (OCLC); LOCAL CALL NUMBER (OCLC) | |
| Classification number (OCLC) (R) ; Classification number, CALL (RLIN) (NR) | HC256.5 |
| Local cutter number (OCLC) ; Book number/undivided call number, CALL (RLIN) | .H38 |
| 245 00 - TITLE STATEMENT | |
| Title | Economic growth in Britain / |
| Statement of responsibility, etc. | edited by P.D. Henderson. |
| 260 ## - PUBLICATION, DISTRIBUTION, ETC. (IMPRINT) | |
| Place of publication, distribution, etc. | London : |
| Name of publisher, distributor, etc. | Weidenfeld & Nicholson, |
| Date of publication, distribution, etc. | c1966 |
| 300 ## - PHYSICAL DESCRIPTION | |
| Pagination | 296 p. : |
| Illustrations | tables. ; |
| Size | 23 cm. |
| 504 ## - BIBLIOGRAPHY, ETC. NOTE | |
| Bibliography, etc | Includes bibliographies. |
| 651 #0 - SUBJECT ADDED ENTRY--GEOGRAPHIC NAME | |
| Geographic name | Great Britain |
| General subdivision | Economic policy. |
| 9 (RLIN) | 132251 |
| 700 1# - ADDED ENTRY--PERSONAL NAME | |
| Personal name | Henderson, P. D. |
| Fuller form of name | (Patrick David), |
| Relator term | editor. |
| 942 ## - ADDED ENTRY ELEMENTS (KOHA) | |
| Source of classification or shelving scheme | Dewey Decimal Classification |
| Koha item type | Books |
| Lost status | Source of classification or shelving scheme | Damaged status | Not for loan | Collection code | Permanent Location | Current Location | Shelving location | Date acquired | Source of acquisition | Cost, normal purchase price | Total Checkouts | Full call number | Date last seen | Copy number | Koha item type |
|---|---|---|---|---|---|---|---|---|---|---|---|---|---|---|---|
| Dewey Decimal Classification | Non-fiction | Central Library, University of Rajshahi | Central Library, University of Rajshahi | 24/05/1967 | Pak Center | 31.50 | 338.942 ECO 1966 | 19/06/2016 | C-2 | Books |